Sarape textiles from Historic México (Record no. 10190)

MARC details
000 -CABECERA
campo de control de longitud fija 01014nam a2200289 a 4500
001 - NÚMERO DE CONTROL
campo de control BRL_1379
005 - FECHA Y HORA DE LA ÚLTIMA TRANSACCIÓN
campo de control 20190320211156.0
008 - DATOS DE LONGITUD FIJA--INFORMACIÓN GENERAL
campo de control de longitud fija 090114s1999----u--ao#####---#000-0#eng-#
020 ## - NÚMERO INTERNACIONAL ESTÁNDAR DEL LIBRO
Número Internacional Estándar del Libro 0891780793
041 ## - CÓDIGO DE LENGUA
Código de lengua del texto/banda sonora o título independiente eng
044 ## - CÓDIGO DEL PAÍS DE LA ENTIDAD EDITORA/PRODUCTORA
Código MARC del país u
050 #4 - SIGNATURA TOPOGRÁFICA DE LA BIBLIOTECA DEL CONGRESO
Número de clasificación GT625
Número de documento/Ítem .W67 1999
100 1# - ENTRADA PRINCIPAL--NOMBRE DE PERSONA
Nombre de persona Worth, William
Fechas asociadas al nombre 1938-
9 (RLIN) 26695
245 10 - MENCIÓN DE TÍTULO
Título Sarape textiles from Historic México
Resto del título the Mexican sarape : a history
Mención de responsabilidad, etc. by William Wroth ; photography by David Ulmer.
260 ## - PUBLICACIÓN, DISTRIBUCIÓN, ETC.
Lugar de publicación, distribución, etc. [St. Louis, Mo.]
Nombre del editor, distribuidor, etc. The Saint Louis Art Museum
Fecha de publicación, distribución, etc. 1999
300 ## - DESCRIPCIÓN FÍSICA
Extensión 88 p.
Otras características físicas il., mapas
Dimensiones 28 cm.
500 ## - NOTA GENERAL
Nota general Au1631
500 ## - NOTA GENERAL
Nota general Catálogo de la exposición realizada en St. Louis Art Museum, May 4-November 28, 1999
504 ## - NOTA DE BIBLIOGRAFÍA, ETC.
Nota de bibliografía, etc. Bibliografía: p. 81-85
650 14 - PUNTO DE ACCESO ADICIONAL DE MATERIA--TÉRMINO DE MATERIA
Término de materia o nombre geográfico como elemento de entrada Sarapes
Subdivisión de forma Exposiciones
Subdivisión geográfica México
9 (RLIN) 4736
650 14 - PUNTO DE ACCESO ADICIONAL DE MATERIA--TÉRMINO DE MATERIA
Término de materia o nombre geográfico como elemento de entrada Prendas de vestir
Subdivisión de forma Exposiciones
Subdivisión geográfica México
9 (RLIN) 26696
650 14 - PUNTO DE ACCESO ADICIONAL DE MATERIA--TÉRMINO DE MATERIA
Término de materia o nombre geográfico como elemento de entrada Tejido a mano
Subdivisión de forma Exposiciones
Subdivisión geográfica México
9 (RLIN) 26697
700 1# - PUNTO DE ACCESO ADICIONAL--NOMBRE DE PERSONA
Nombre de persona Perkins, Zoe Annis
9 (RLIN) 26698
700 1# - PUNTO DE ACCESO ADICIONAL--NOMBRE DE PERSONA
Nombre de persona Ulmer, David
Término indicativo de función/relación il.
9 (RLIN) 26699
902 ## - CATALOGADOR
Iniciales GRL
942 ## - ELEMENTOS DE PUNTO DE ACCESO ADICIONAL (KOHA)
Fuente del sistema de clasificación o colocación Library of Congress Classification
Tipo de ítem Koha Libros
Holdings
Estado de retiro Estado de pérdida Estado dañado No para préstamo Localización permanente Ubicación/localización actual Fecha de adquisición Número de inventario Total de préstamos Signatura topográfica completa Código de barras Fecha visto por última vez Precio válido a partir de Tipo de ítem Koha
El ejemplar forma parte de la colección y puede ser consultado según las políticas vigentes.       Biblioteca Centro de Estudios Ruth D. Lechuga Biblioteca Centro de Estudios Ruth D. Lechuga 09/01/2014 Au1631   GT625 .W67 1999 (Au1631) GRL01537 22/03/2019 22/03/2019 Libros